000 00348nam a2200145Ia 4500
008 230917s9999||||xx |||||||||||||| ||und||
040 _e199464
_aMAIN
041 _aEnglish
082 _a658 R18P
100 _aRao,V S P.
245 0 _aPrinciples of management
260 _aMumbai.
_bHimalaya pub.House
_c2011
300 _a550 p.
942 _cBK
999 _c165349
_d165349